|
|
|
|
| LEADER |
00662cam a2200181 a 4500 |
| 020 |
|
|
|a 9780415511285
|
| 082 |
0 |
0 |
|a 306.83
|b FIR/W
|
| 100 |
1 |
|
|a Firth, Raymond,
|
| 245 |
1 |
0 |
|a We, the Tikopia : a sociological study of kinship in primitive Polynesia
|
| 260 |
|
|
|a Stanford,
|b Stanford University Press,
|c 2011
|
| 300 |
|
|
|a xxv, 497 p. :
|b ill. ;
|
| 500 |
|
|
|a Previously published: 1963.
|
| 500 |
|
|
|a Includes index.
|
| 650 |
|
0 |
|a Tikopia-Solomon Islands people
|
| 650 |
|
0 |
|a Kinship
|
| 942 |
|
|
|c BK
|
| 999 |
|
|
|c 38046
|d 38046
|
| 952 |
|
|
|0 0
|1 0
|4 0
|6 306_830000000000000_FIRW
|7 0
|8 Stack
|9 40267
|a KUCL
|b KUCL
|c Stack
|d 2016-01-30
|l 1
|o 306.83 FIR/W
|p 37270
|r 2019-08-27
|s 2019-07-27
|w 2016-01-30
|y BK
|